Countries Closest to Dominica - Sudden Death - Statistics

General Stats
  • This quiz has been taken 6 times
  • The average score is 9 of 15
Answers on the Grid
Answers color-coded by a green-red scale on the quiz's grid according to % correct below.
Saint Lucia
Antigua and Barbuda
Saint Kitts and Nevis
Saint Vincent and the Grenadines
Barbados
Grenada
Trinidad and Tobago
Venezuela
Guyana
Dominican Republic
Brazil
Colombia
Suriname
Haiti
Bahamas
Cuba
Jamaica
United States
Mexico
Belize
El Salvador
Guatemala
Honduras
Nicaragua
Costa Rica
Panama
Ecuador
Bolivia
Peru
Paraguay
 
Answer Stats
Answer % Correct
Haiti
100%
Dominican Republic
83%
Saint Lucia
83%
Saint Vincent and the Grenadines
83%
Trinidad and Tobago
83%
Antigua and Barbuda
67%
Barbados
67%
Saint Kitts and Nevis
67%
Bahamas
50%
Grenada
50%
Guyana
50%
Colombia
33%
Suriname
33%
Venezuela
33%
Brazil
17%
No matching quizzes found
Score Distribution
Percent of People with Each Score
Percentile by Number Answered
Your Score History
You have not taken this quiz